Statistics for US Cities Larger than South Dakota

Click here to take the quiz!

General Stats

  • This quiz has been taken 42 times
  • The average score is 16 of 17

Answer Stats

StatePopulationCity% Correct
Illinois2,705,994Chicago
100%
Texas1,345,047Dallas
100%
Texas2,325,502Houston
100%
California3,990,456Los Angeles
100%
New York8,398,748New York City
100%
Arizona1,660,272Phoenix
100%
Pennsylvania1,584,138Philadelphia
97%
Texas964,254Austin
94%
California1,425,976San Diego
94%
Indiana867,125Indianapolis
91%
Ohio892,533Columbus
89%
California883,305San Francisco
89%
Texas895,008Fort Worth
86%
Florida903,889Jacksonville
86%
California1,030,119San Jose
86%
Texas1,532,233San Antonio
83%
North Carolina872,498Charlotte
80%

Score Distribution

Percentile by Number Answered

Percent of People with Each Score

Your Score History

You have not taken this quiz